| 000 | 02307nam0a2200385 4500 | ||
|---|---|---|---|
| 001 | RU\NLR\BIBL_A\012196625 | ||
| 005 | 20251216140016.0 | ||
| 010 |
_a978-5-9273-2899-4 _9100 |
||
| 021 |
_aRU _bКН-П-19-099518 _9КН-П-19-7314 |
||
| 035 | _a(NLR Aleph) 012196625 | ||
| 035 | _a(RuMoRGB)010209700 | ||
| 090 |
_a10823149 _c10823149 |
||
| 100 | _a20200203d2019 u y0rusy50 ca | ||
| 101 | 0 | _arus | |
| 102 | _aRU | ||
| 105 | _aa|||j|||000zy | ||
| 181 | 0 |
_ai _baxxe |
|
| 182 | 0 | _an | |
| 200 | 1 |
_aЭкономическая социология и социология труда _eучебное пособие _e[для бакалавров, студентов, магистров, обучающихся по направлениям "Социология" и "Экономика"] _fЮ.Б. Матюшина, Д.С. Петров, Е.Ю. Литинская _gМинистерство науки и высшего образования РФ, Федеральное государственное бюджетное образовательное учреждение высшего образования "Воронежский государственный университет" |
|
| 203 |
_aТекст _bвизуальный _cнепосредственный |
||
| 210 |
_aВоронеж _cИздательский дом ВГУ _d2019 |
||
| 215 |
_a91, [1] с. _cил. _d20 |
||
| 320 | _aБиблиогр.: с. 90-91 | ||
| 606 | 1 |
_aЭкономическая социология _jУчебные издания для высших учебных заведений _2nlr_sh1 _2nlr_sh2 _3RU\NLR\AUTH\661167610 |
|
| 606 | 1 |
_aСоциология труда _jУчебные издания для высших учебных заведений _2nlr_sh2 _3RU\NLR\AUTH\6601560678 |
|
| 686 | 1 | _aС550.44я73 | |
| 686 | 1 | _aС550.42я73 | |
| 700 | 1 |
_aМатюшина _bЮ. Б. _gЮлия Борисовна |
|
| 701 | 1 |
_aПетров _bД. С. _cканд. филос. наук, социология _f1977- _gДенис Сергеевич _3RU\NLR\AUTH\77121575 |
|
| 701 | 1 |
_aЛитинская _bЕ. Ю. _gЕлена Юрьевна |
|
| 942 | _cBOOK | ||
| 980 | _aNBR | ||
| 980 | _aNB | ||